书目信息 |
| 题名: |
阻燃水性聚氨酯材料及应用
|
|
| 作者: | 罗运军 , 顾丽敏 , 柴春鹏 著 | |
| 分册: | ||
| 出版信息: | 北京 化学工业出版社 2017.02 |
|
| 页数: | 257页 | |
| 开本: | 28cm | |
| 丛书名: | ||
| 单 册: | ||
| 中图分类: | TQ328.8 | |
| 科图分类: | ||
| 主题词: | 泡沫塑料 | |
| 电子资源: | ||
| ISBN: | 7-122-28781-5 | |
| 000 | 00696nam0 2200217 450 | |
| 001 | 1743487523 | |
| 005 | 20170524120643.62 | |
| 010 | @a7-122-28781-5@dCNY78.00 | |
| 100 | @a20170524d2017 km y0chiy0120 ea | |
| 101 | 0 | @achi |
| 102 | @aCN@b110000 | |
| 200 | 1 | @a阻燃水性聚氨酯材料及应用@Azu ran shui xing ju an zhi cai liao ji ying yong@f罗运军, 顾丽敏, 柴春鹏著@Fluo yun jun,gu li min,chai chun peng zhu |
| 210 | @a北京@c化学工业出版社@d2017.02 | |
| 215 | @a257页@d28cm | |
| 606 | 0 | @a泡沫塑料 |
| 690 | @aTQ328.8@v4 | |
| 701 | 0 | @a罗运军@Aluo yun jun@4著 |
| 701 | 0 | @a顾丽敏@Agu li min@4著 |
| 701 | 0 | @a柴春鹏@Achai chun peng@4著 |
| 801 | 0 | @aCN@bMUSE@c20170524 |
| 905 | @aMUSE@dTQ328.8@eL972 | |
| 阻燃水性聚氨酯材料及应用/罗运军, 顾丽敏, 柴春鹏著.-北京:化学工业出版社,2017.02 |
| 257页;28cm |
| ISBN 7-122-28781-5:CNY78.00 |
| ● |
| 相关链接 |
|
|
|
正题名:阻燃水性聚氨酯材料及应用
索取号:TQ328.8/L972
 
预约/预借
| 序号 | 登录号 | 条形码 | 馆藏地/架位号 | 状态 | 备注 |
| 1 | 1235110 | 212351104 | 材料与化工学院资料室/ [索取号:TQ328.8/L972] | 在馆 | |
| 2 | 1235117 | 212351177 | 材料与化工学院资料室/ [索取号:TQ328.8/L972] | 在馆 |